ბათუმის შოთა რუსთაველის სახელმწიფო უნივერსიტეტის ბიბლიოთეკა

SINOP: Sinop special provincial administration publications / (ბიბ.ჩანაწერი № 50682)

000 -LEADER
fixed length control field 00676nam a2200217Ia 4500
001 - CONTROL NUMBER
control field 17633
003 - CONTROL NUMBER IDENTIFIER
control field GE_BSU
005 - DATE AND TIME OF LATEST TRANSACTION
control field 20200220151729.0
008 - FIXED-LENGTH DATA ELEMENTS--GENERAL INFORMATION
fixed length control field 181216s2012tu xx |||||||||||||| ||tur||
040 ## - CATALOGING SOURCE
Transcribing agency GE_BSU
041 ## - LANGUAGE CODE
Language code of text/sound track or separate title tur
080 ## - UNIVERSAL DECIMAL CLASSIFICATION NUMBER
Universal Decimal Classification number 902/908 M-11
100 ## - MAIN ENTRY--PERSONAL NAME
Personal name Mavis Sevket
9 (RLIN) 7266
245 ## - TITLE STATEMENT
Title SINOP: Sinop special provincial administration publications /
Statement of responsibility, etc. Sevket Mavis.
264 ## - PRODUCTION, PUBLICATION, DISTRIBUTION, MANUFACTURE, AND COPYRIGHT NOTICE
Place of production, publication, distribution, manufacture Turkiye :
Name of producer, publisher, distributor, manufacturer Sinop Valiligi,
Date of production, publication, distribution, manufacture, or copyright notice 2012.
300 ## - PHYSICAL DESCRIPTION
Extent 251 p;
Other physical details ill,
Dimensions 23 cm.
653 ## - INDEX TERM--UNCONTROLLED
keyword Geography,Historial,Cultural And Archeological values
653 ## - INDEX TERM--UNCONTROLLED
keyword SINOP
653 ## - INDEX TERM--UNCONTROLLED
keyword არქეოლოგია,მხარეთმცოდნეობა
942 ## - ADDED ENTRY ELEMENTS (KOHA)
Koha item type წიგნი
Source of classification or shelving scheme
ეგზემპლარები
Withdrawn status Lost status Source of classification or shelving scheme Damaged status Not for loan Permanent Location Current Location Shelving location Date acquired Full call number Barcode Date last seen Copy number Price effective from Koha item type
          ბათუმის შოთა რუსთაველის სახელმწიფო უნივერსიტეტის მთავარი ბიბლიოთეკა ბათუმის შოთა რუსთაველის სახელმწიფო უნივერსიტეტის მთავარი ბიბლიოთეკა წიგნსაცავი 2018-12-17 902/908 M-11 45622 2018-12-17 45622 2018-12-17 წიგნი